[Event "EYCC Open-U16 2019"]
[Site "Bratislava"]
[Date "2019.08.10"]
[Round "9.22"]
[White "Mukhutdinov, Tigran"]
[Black "Fernandez Garcia, Gumersindo"]
[Result "1-0"]
[WhiteElo "2328"]
[BlackElo "2011"]
[Annotator "TA"]
[PlyCount "99"]
[EventDate "2019.08.02"]
[EventType "swiss"]
[EventCountry "SVK"]
[SourceTitle "playchess.com"]
[Source "ChessBase"]
[SourceQuality "1"]

{[%evp 17,99,39,22,11,38,18,20,13,56,54,110,110,110,121,105,105,122,129,145,47,91,85,73,77,113,70,73,61,83,70,109,106,166,171,237,235,247,260,281,273,303,292,299,267,372,318,364,353,485,487,522,508,504,441,437,431,455,441,469,469,469,469,459,459,906,902,804,583,599,491,491,483,562,555,570,569,719,695,725,677,694,612,1833,1669]} 1. Nf3 Nf6 2. g3 d5 3. Bg2 e6 4. O-O Be7 5. c4 O-O 6. d4 dxc4 7. Ne5 c5 8. dxc5 Bxc5 9. Nxc4 Qc7 10. b3 {E05: Open Catalan: 5 Nf3 Be7} Nc6 11. Nc3 Rd8 12. Qe1 $146 {The position is equal.} ({Predecessor:} 12. Qc2 e5 13. Bg5 Nd4 14. Qb2 Bg4 15. Bxf6 gxf6 16. Ne3 Qd7 17. Nxg4 Qxg4 {1-0 (61) Drygalov,S (2442)-Sai Agni,J (2325) Moscow 2019}) 12... a6 13. Bg5 b5 (13... h6 $14 14. Bxf6 gxf6) 14. Bf4 $16 Qa7 15. Bxc6 bxc4 16. Bxa8 (16. bxc4 $6 Bb7 $11) 16... Qxa8 17. Rd1 (17. bxc4 $6 e5 $11) 17... Re8 {[#]} 18. Be3 ({Resist} 18. bxc4 e5 $16) (18. Bd6 $1 $16 {[%cal Rd6c5]} Ba7 19. Be5 (19. bxc4 Bb7 $16)) 18... Bb4 19. a3 Bxa3 20. bxc4 Bb4 21. Rb1 a5 22. Qc1 e5 {[#]} 23. Rd1 $1 Bf5 24. Ra1 Bh3 (24... Be6 $16 {was worth a try.}) 25. Nd5 $18 Nxd5 (25... Rc8 $142 26. Nxf6+ gxf6) 26. cxd5 (26. Rxd5 $6 f6 $16) 26... Rd8 27. Qc4 Rc8 28. Qe4 Qb8 29. Rac1 Rxc1 30. Rxc1 ({Don't do} 30. Bxc1 $6 Bd7 $18) 30... Bd7 31. Qc4 h5 32. Qc7 Qxc7 33. Rxc7 {[%mdl 4096] Endgame KRB-KB. White is clearly winning.} Bg4 34. f3 Bh3 35. Ra7 Kf8 36. Kf2 Ke8 37. Bb6 Bd7 38. Ra8+ Ke7 39. Bxa5 Bc5+ 40. Kg2 Be3 (40... f6 $142 41. e4 Bd6) 41. Bb4+ Kf6 42. Bc3 Bb5 43. f4 Bc4 44. fxe5+ Kf5 45. Rd8 Ke4 46. d6 {[%cal Bd5d6,Bd6d7][%mdl 32]} Bg5 47. Rb8 {h4 is the strong threat.} Be6 48. h4 Be3 49. Rb7 Kf5 {Threatens to win with ...Bd5+.} 50. d7 {Accuracy: White = 75%, Black = 31%.} 1-0

[Event "EYCC Open-U16 2019"]
[Site "Bratislava"]
[Date "2019.08.10"]
[Round "9.23"]
[White "Melaa, Sondre"]
[Black "Peyrer, Konstantin"]
[Result "0-1"]
[WhiteElo "2118"]
[BlackElo "2305"]
[Annotator "TA"]
[PlyCount "66"]
[EventDate "2019.08.02"]
[EventType "swiss"]
[EventCountry "SVK"]
[SourceTitle "playchess.com"]
[Source "ChessBase"]
[SourceQuality "1"]

{[%evp 9,66,-13,-11,-26,-5,-12,-12,-9,1,-43,-25,-39,-37,-20,-34,-41,26,-102,-71,-78,-95,-87,-101,-98,-102,-62,-68,-171,-138,-268,-264,-275,-194,-199,-187,-194,-188,-228,-213,-221,-214,-431,-453,-408,-132,-127,-105,-305,-300,-285,-259,-708,-709,-709,-697,-685,-685,-804,-662]} 1. d4 Nf6 2. Bg5 d5 3. Bxf6 exf6 4. e3 c6 5. g3 (5. Bd3 Bd6 6. Nd2 O-O 7. Qf3 a5 8. Ne2 Na6 9. c3 Nc7 10. h4 Re8 11. g4 Ne6 12. O-O-O b5 13. Rdg1 g6 14. h5 Ng5 {½-½ (43) Mamedyarov,S (2809)-Kramnik,V (2800) Moscow 2018}) 5... Nd7 {[%cal Bb8d7,Bd7f6,Bf6e4][%mdl 32]} 6. Bg2 {D00: 1 d4 d5: Unusual lines} f5 7. Ne2 Nf6 8. Nd2 {The position is equal.} Ne4 9. f3 $146 ({Predecessor:} 9. Nxe4 fxe4 10. c4 f5 11. cxd5 Qxd5 12. Nc3 Qf7 {0-1 (58) Bellon Lopez,J (2374)-Meier,G (2656) Vasteras 2015}) 9... Nd6 10. b3 g5 11. c4 f4 12. e4 fxg3 (12... Bg7 $15) 13. Nxg3 (13. hxg3 $11 {keeps the balance.} Bg7 14. cxd5) 13... h5 14. Qe2 dxc4 15. bxc4 h4 $36 {[%mdl 2048] White is under strong pressure.} 16. Nf5 h3 17. Bf1 Qa5 18. Nxd6+ (18. c5 $15 Bxf5 19. exf5+ Kd7 20. Qd3) 18... Bxd6 $19 19. e5 (19. Kf2 $17) 19... Bb4 {And now ...Bc3 would win.} 20. Rd1 Be6 ({Don't do} 20... Qxa2 21. Kf2 $17) 21. Kf2 {[#]} O-O-O $1 22. Ne4 Bf5 23. Rg1 {[#]} Rxd4 $1 {[%mdl 576] Remove Defender, Decoy} 24. Rxd4 {Nd6+ is the strong threat.} Qxe5 {[%mdl 64] Double Attack} 25. Rxg5 $2 (25. Nd6+ Bxd6 26. Qxe5 Bxe5 27. Rd1) 25... Qxd4+ 26. Qe3 Qxe3+ $2 (26... Qe5 $19 {has better winning chances.} 27. Kg1 Be7 28. Rxf5 Qxf5) 27. Kxe3 $17 Be6 28. Rg7 $2 (28. f4 $17) 28... Bf8 $19 29. Rg3 f5 30. Ng5 $2 {[#]} (30. Rg6 Rh6 31. Rf6) 30... f4+ $1 {[%mdl 576] Decoy. Black is clearly winning.} 31. Kxf4 Bd6+ {[%mdl 64] Skewer} 32. Ke3 {[%cal Rf1h3]} Bxg3 33. hxg3 Kd7 {Accuracy: White = 29%, Black = 59%.} 0-1

[Event "EYCC Open-U16 2019"]
[Site "Bratislava"]
[Date "2019.08.10"]
[Round "9.24"]
[White "Torngren, Gustav"]
[Black "Turcan, Richard"]
[Result "1-0"]
[WhiteElo "2109"]
[BlackElo "2232"]
[Annotator "TA"]
[PlyCount "75"]
[EventDate "2019.08.02"]
[EventType "swiss"]
[EventCountry "SVK"]
[SourceTitle "playchess.com"]
[Source "ChessBase"]
[SourceQuality "1"]

{[%evp 12,75,19,18,38,19,22,6,9,0,30,34,24,30,10,7,18,0,40,31,44,54,45,25,50,42,48,7,2,0,4,0,0,0,0,0,-1,-13,3,-7,-3,-16,-8,-94,-50,-53,0,-7,-8,-45,0,-264,-105,-114,-120,-113,-121,-178,-196,-196,151,169,238,236,29998,29999]} 1. c4 c5 2. g3 Nc6 3. Bg2 g6 4. Nc3 Bg7 5. Nf3 d6 6. O-O Nh6 7. d4 cxd4 {A37: Symmetrical English vs ...g6: 4 Bg2 Bg7 5 Nf3} (7... O-O 8. d5 Na5 9. Nd2 a6 10. Qc2 b5 11. cxb5 axb5 12. Nxb5 Ba6 13. Nc3 Nf5 14. Re1 Nd4 15. Qd1 {½-½ (26) Rakhmanov,A (2665)-Van Wely,L (2669) Zuerich 2017}) 8. Bxh6 Bxh6 9. Nxd4 Bd7 {The position is equal.} 10. c5 Bg7 11. Nxc6 Bxc6 12. Bxc6+ bxc6 13. Qa4 Qd7 14. Rad1 $146 ({Predecessor:} 14. cxd6 exd6 15. Rac1 {½-½ (31) McNab,C (2461)-Strikovic,A (2504) Helensburgh 2013}) 14... O-O 15. cxd6 exd6 16. Rd2 Rfd8 17. Ne4 d5 18. Nc5 Qe7 19. Qa5 Rab8 {White must now prevent ...Rb5.} 20. Nb3 h5 21. Rc2 h4 22. Rfc1 Re8 23. Qa4 {[#]} c5 $1 {[%mdl 512]} 24. Rxc5 (24. Nxc5 Rxb2) 24... Qxe2 {...h3 is the strong threat.} 25. R5c2 Qe7 {White should prevent ...h3.} 26. Rc7 Qf6 27. R7c2 (27. Qxa7 $2 h3 $19) (27. Qxh4 $11 {keeps the balance.} Qxh4 28. gxh4) 27... Bh6 28. Rf1 $1 Re7 (28... Qf5 $15 29. Rc7 Bg7) 29. Rc6 $132 {[%mdl 2048] White puts up resistance} Qg5 30. Kg2 Rbe8 31. Ra6 $2 {[%mdl 8192] [#]} (31. Qxh4 $11 {and White has nothing to worry.} Qxh4 32. gxh4) 31... Re4 $2 (31... d4 $1 $19 {[%mdl 512]} 32. Qc4 (32. Qxd4 h3+) 32... Qg4 $1 {[%mdl 512]}) 32. Qd7 $17 R8e7 33. Qc8+ Kh7 34. Nc5 {[#]} (34. Rc6 $17) 34... Rc4 $1 $19 {And now ...d4 would win.} 35. Rc6 d4 $2 {[#]} ({Better is} 35... Qh5 $19 {aiming for ...Qe2.} 36. a3 Qe2) 36. Ne4 $1 $16 {[%cal Re4g5][%mdl 576] Discovered Attack} h3+ (36... Qe5 {was worth a try.} 37. Nf6+ (37. Rxc4 Qxe4+ 38. Kg1 Bg7 $16) 37... Qxf6 38. Rxc4 Qe5) (36... Rxe4 37. Rxc4) 37. Kg1 $18 ({Worse is} 37. Kxh3 Qh5+ 38. Kg2 Rxc6 $11) ({Wrong is} 37. Qxh3 $2 Qd5 $19) 37... Qd5 $2 (37... Rxe4 $18 38. Rxc4 Qd5) 38. Nf6+ {[%mdl 64] Double Attack. Accuracy: White = 45%, Black = 40%.} 1-0

[Event "EYCC Open-U16 2019"]
[Site "Bratislava"]
[Date "2019.08.10"]
[Round "9.25"]
[White "Sjoberg, Isak"]
[Black "Ghazaryan, Raffi"]
[Result "1/2-1/2"]
[WhiteElo "2182"]
[BlackElo "1826"]
[Annotator "TA"]
[PlyCount "134"]
[EventDate "2019.08.02"]
[EventType "swiss"]
[EventCountry "SVK"]
[SourceTitle "playchess.com"]
[Source "ChessBase"]
[SourceQuality "1"]

{[%evp 10,134,24,23,47,40,48,51,54,57,66,60,61,55,62,51,49,26,58,39,47,54,59,33,125,129,170,85,95,93,112,87,110,118,112,109,99,114,108,109,137,143,129,142,137,136,139,123,121,108,164,130,131,128,222,190,175,103,83,87,120,71,130,131,131,124,143,123,123,123,123,126,126,117,123,101,142,119,194,194,193,187,172,171,229,223,269,233,294,77,77,77,77,77,77,77,77,77,77,77,77,77,77,77,77,77,77,77,77,77,77,77,77,77,77,77,77,77,77,8,77,77,77,0,8,8,8]} 1. e4 c5 2. Nf3 e6 3. b3 Nc6 4. Bb2 d6 5. d4 cxd4 6. Nxd4 Nxd4 {B50: Sicilian: 2...d6, Miscellaneous} (6... Nf6 7. Bd3 Be7 8. O-O O-O 9. c4 a6 10. Nd2 Qc7 11. Rc1 Bd7 12. Kh1 Rac8 13. f4 Qb6 14. Nc2 Rfd8 15. Rf3 {1-0 (61) Ivanchuk,V (2710)-Movsesian,S (2653) Huaian 2016}) 7. Bxd4 Bd7 8. Bd3 Nf6 {White is slightly better.} 9. O-O Be7 10. c4 O-O $146 ({Predecessor:} 10... Bc6 11. Qe2 e5 12. Bb2 a5 13. Nc3 O-O 14. Nd5 Nd7 {1-0 (61) Rostgaard,T (2327)-Aroven,M (2114) Vaxjo 2017}) 11. Nc3 Bc6 12. Bc2 Qa5 13. Rb1 Qg5 14. f4 Qh4 15. Rf3 e5 16. Bf2 Qh5 (16... Qh6 $14) 17. f5 $1 $16 Bd8 18. Qxd6 (18. b4 $18) 18... Ng4 {aiming for ...Bb6.} 19. Rh3 Qg5 20. Bh4 Bb6+ 21. c5 Qh6 {And now ...Qxd6 would win.} 22. Be7 Qxd6 23. Bxd6 Rfd8 24. Be7 $36 {[%mdl 2048] White is in control.} Rd2 25. Bd1 Nf2 {Threatens to win with ...Bd8.} 26. cxb6 {Black must now prevent Re3.} Nxh3+ 27. gxh3 axb6 28. Rc1 f6 29. Be2 b5 (29... Kf7 $16 30. Bb4 Rxe2 31. Nxe2 Rxa2) 30. Kf1 Kf7 31. Bb4 Rd4 (31... g6 $16 32. Kf2 (32. Nxb5 Rdxa2 33. Nc3 Rb2 $16) 32... Rad8) 32. Bc5 Rd2 33. Be3 ({White should play} 33. Kf2 $18) 33... Rb2 34. Rd1 g6 35. Nxb5 Rbxa2 (35... Raxa2 $142 36. Nc3 Ra8) 36. Nc7 Rxe2 37. Kxe2 Ra2+ 38. Rd2 Rxd2+ 39. Bxd2 Bxe4 40. fxg6+ hxg6 41. Nb5 {Strongly threatening Nd6+.} Bc6 42. Nc3 g5 43. Kd3 Bd7 (43... b5 $16 44. Ne4 Kg6) 44. Ne4 $1 $18 Bxh3 45. Nd6+ $1 Ke6 46. Nxb7 Kd5 (46... Bf1+ {is a better defense.} 47. Ke3 g4) 47. Na5 $1 g4 48. Nc4 f5 49. Bc3 $2 (49. Ke2 $1 $18 {and the rest is easy.}) 49... Bf1+ $16 50. Kd2 $1 {Ne3+ is the strong threat.} Bxc4 51. bxc4+ Kxc4 52. Bxe5 {[%mdl 4096] Endgame White wants to mate with Ke3. KB-KPP} Kd5 53. Bb8 Ke4 54. Ke2 $1 f4 55. Bc7 Kf5 56. Kf1 Kg5 57. Bd8+ Kf5 58. Bh4 Ke4 59. Ke2 Kf5 60. Be7 Ke4 61. Bd6 Kf5 62. Bc7 Ke4 63. Bb6 Kf5 64. Kd3 ({White should try} 64. Bd8 $16) 64... Kg5 {[#]} (64... Kg6 $1 $11) 65. Bd8+ $1 Kf5 {[#]} 66. Bb6 (66. Ke2 $1 $16) 66... Kg5 $11 67. Ke4 {Bd8+ would kill now.} g3 {Accuracy: White = 73%, Black = 60%.} 1/2-1/2

[Event "EYCC Open-U16 2019"]
[Site "Bratislava"]
[Date "2019.08.10"]
[Round "9.26"]
[White "Risteski, Emil"]
[Black "Neiman, Maks"]
[Result "1/2-1/2"]
[WhiteElo "2150"]
[BlackElo "1971"]
[Annotator "RC"]
[PlyCount "52"]
[EventDate "2019.08.02"]
[EventType "swiss"]
[EventCountry "SVK"]
[SourceTitle "playchess.com"]
[Source "ChessBase"]
[SourceQuality "1"]
[TimeControl "40/5400+30:1800+30"]

1. e4 {[%emt 0:00:00]} e6 {[%emt 0:00:00]} 2. d4 {[%emt 0:00:00]} d5 {[%emt 0:00:00]} 3. Nd2 {[%emt 0:00:00]} Nf6 {[%emt 0:00:08]} 4. e5 {[%emt 0:00:00]} Nfd7 {[%emt 0:00:08]} 5. Bd3 {[%emt 0:00:01]} c5 {[%emt 0:00:21]} 6. c3 {[%emt 0:00:06]} Nc6 {[%emt 0:00:16]} 7. Ne2 {[%emt 0:00:05]} cxd4 {[%emt 0:00:15]} 8. cxd4 {[%emt 0:00:03]} f6 {[%emt 0:00:24]} 9. exf6 {[%emt 0:00:05]} Nxf6 {[%emt 0:00:06]} 10. Nf3 {[%emt 0:00:12]} Bd6 {[%emt 0:00:33]} 11. O-O {[%emt 0:00:07]} Qc7 {[%emt 0:00:21]} 12. Ng3 {[%emt 0:00:51]} O-O {[%emt 0:00:55]} 13. Bd2 {[%emt 0:00:34]} Bd7 {[%emt 0:02:17]} 14. Rc1 {[%emt 0:04:25]} Qb6 {[%emt 0:02:40]} 15. Bc3 {[%emt 0:00:23]} Bf4 {[%emt 0:01:51]} 16. Rc2 {[%emt 0:00:43]} Nb4 {[%emt 0:08:30]} 17. Bxb4 {[%emt 0:00:20]} Qxb4 {[%emt 0:00:06]} 18. Ne5 {[%emt 0:08:02]} g6 {[%emt 0:19:03]} 19. Nxd7 {[%emt 0:25:07]} Nxd7 {[%emt 0:00:14]} 20. Qg4 {[%emt 0:00:15]} Rae8 {[%emt 0:11:39]} 21. Ne2 {[%emt 0:03:18]} Ne5 {[%emt 0:10:51]} 22. Qh3 {[%emt 0:06:11]} Nxd3 {[%emt 0:04:03]} 23. Qxd3 {[%emt 0:00:06]} Bd6 {[%emt 0:06:18]} 24. Nc3 {[%emt 0:09:47]} a6 {[%emt 0:03:19]} 25. g3 {[%emt 0:00:19]} Rc8 {[%emt 0:05:26]} 26. Re2 {[%emt 0:02:34]} Rc4 {[%emt 0:07:42]} 1/2-1/2

[Event "EYCC Open-U16 2019"]
[Site "Bratislava"]
[Date "2019.08.10"]
[Round "9.27"]
[White "Fojt, Petr"]
[Black "Koziorowicz, Michal"]
[Result "0-1"]
[WhiteElo "2140"]
[BlackElo "1985"]
[Annotator "TA"]
[PlyCount "64"]
[EventDate "2019.08.02"]
[EventType "swiss"]
[EventCountry "SVK"]
[SourceTitle "playchess.com"]
[Source "ChessBase"]
[SourceQuality "1"]

{[%evp 21,64,7,43,41,43,-37,0,-62,-54,-63,-21,-74,-66,-69,-54,-58,-52,-70,-72,-50,-63,-63,-45,-60,-54,-85,0,0,0,0,0,0,0,0,0,-91,-93,-1275,-1242,-29991,-29992,-29992,-12072,-29993,-743]} 1. e4 c5 2. Nf3 d6 3. d4 cxd4 4. Qxd4 Nc6 5. Bb5 Bd7 6. Bxc6 Bxc6 7. c4 Nf6 8. Nc3 g6 9. O-O Bg7 10. Qd3 O-O 11. Nd4 Nd7 12. Be3 {B53: Sicilian: 2...d6: Lines with Qxd4} Qa5 (12... Rc8 13. b3 Qa5 14. Rac1 a6 15. f3 Rfe8 16. Rfd1 Nc5 17. Qd2 Ne6 18. Nxe6 fxe6 19. Bd4 Bxd4+ 20. Qxd4 {1-0 (47) Andreikin,D (2713)-Najer,E (2633) Khanty-Mansiysk 2013}) 13. Nb3 $146 ({White should try} 13. Rac1 $14) ({Predecessor:} 13. Rab1 Ne5 14. Qe2 Rfc8 15. Rfc1 e6 16. f4 Nxc4 17. Qxc4 Bxe4 18. Nb3 Rxc4 19. Nxa5 Rxc3 20. bxc3 Bxb1 21. Rxb1 {1-0 (43) David,A (2572)-Sardana,R (2404) New Delhi 2015}) 13... Qh5 14. Nd5 (14. f3 $11) 14... Bxd5 $1 $15 15. cxd5 Ne5 16. Qb5 {[#]} (16. Qd1 $11) 16... Ng4 $1 $17 {[%csl Gg4][%cal Rh5h2][%mdl 512]} 17. Bf4 e5 ({But not} 17... Bxb2 18. f3 $11) 18. Bg3 f5 $1 {[%cal Rf5f4]} 19. h3 Nf6 20. exf5 gxf5 21. f4 Ne4 22. Bh2 exf4 23. Rac1 Rac8 ({Better is} 23... Ng3 $17 {White must now prevent ...Qe2.} 24. Bxg3 fxg3) 24. Rxc8 $11 Rxc8 25. Qxb7 Rc2 26. Qb8+ Kf7 $1 27. Qb7+ $1 Kf8 {( -> ...Qe2!)} 28. Qb8+ (28. Bxf4 $11 {keeps the balance.} Qg6 29. Qa8+ Kf7 30. Qb7+ (30. Qxa7+ Kg8 $11) 30... Kg8 31. Qb8+ Bf8 32. g4 fxg4 33. h4) 28... Qe8 $17 29. Qb4 $2 {[%mdl 8192] [#]} (29. Qxe8+ $17 Kxe8 30. Bxf4) 29... Qg6 $1 $19 {[%csl Gc2][%cal Rg6g2][%mdl 512]} 30. g4 fxg3 31. Qxe4 gxh2+ 32. Kh1 {[#]} Qg1+ {Accuracy: White = 34%, Black = 63%.} (32... Rf2 $142 $1 {[%mdl 512]} 33. Qf3 (33. Rxf2 Qg1#) 33... Rxf3 34. Rc1 Rf2 35. Rc8+ Kf7 36. Rc7+ Kf6 37. Rf7+ Kxf7 38. h4 Qg2#) 0-1

[Event "EYCC Open-U16 2019"]
[Site "Bratislava"]
[Date "2019.08.10"]
[Round "9.28"]
[White "Nagy, Ladislav"]
[Black "Sorensen, Hampus"]
[Result "0-1"]
[WhiteElo "2061"]
[BlackElo "2352"]
[Annotator "TA"]
[PlyCount "112"]
[EventDate "2019.08.02"]
[EventType "swiss"]
[EventCountry "SVK"]
[SourceTitle "playchess.com"]
[Source "ChessBase"]
[SourceQuality "1"]

{[%evp 11,112,13,18,0,9,0,5,6,10,-21,-35,-29,-12,-56,-57,-129,-121,-122,-120,-141,-117,-128,-97,-113,-94,-117,-111,-145,-152,-141,-148,-153,-152,-162,-154,-158,-159,-207,-135,-193,-182,-232,-234,-234,-239,-224,-232,-213,-131,-126,-118,-136,-137,-137,-146,-145,-147,-132,0,-83,0,-132,-145,-142,-133,-124,-129,-123,-129,-181,-193,-177,-133,-343,-328,-326,-325,-318,-318,-584,-558,-560,-549,-493,-502,-1121,-999,-1329,-1197,-1539,-1475,-29972,-29972,-29971,-29973,-29981,-29982,-29982,-29983,-29984,-29985,-29985,-29986]} 1. e4 e5 2. Bc4 Nf6 3. d3 Nc6 4. Nc3 Na5 5. Nge2 Nxc4 6. dxc4 Bc5 {Threatening ...Ng4.} 7. O-O {C28: Vienna Game: 2...Nf6 3 Bc4 Nc6} a6 (7... d6 8. Qd3 O-O 9. Be3 Nd7 10. Ng3 a5 11. b3 h6 12. Rad1 Re8 13. Nd5 c6 14. Nc3 Bxe3 15. Qxe3 Nc5 16. Rd2 {1-0 (63) Nakamura,H (2787)-Carlsen,M (2853) chess.com INT 2016}) 8. Qd3 O-O 9. Bg5 {The position is equal.} h6 10. Bh4 g5 11. Bg3 d6 $36 {[%mdl 2048] Black has some pressure.} 12. Rfd1 $146 ({Predecessor:} 12. Rad1 Be6 13. b3 Ba7 {½-½ (26) Gavrilescu,D (2194)-Petrisor,A (2381) Calimanesti 2015}) 12... Be6 13. Nd5 (13. a3 $15) 13... Nxd5 $17 14. cxd5 Bd7 15. Nc3 b5 16. a3 Qe8 17. Kh1 f5 18. exf5 Bxf5 19. Ne4 Bxe4 20. Qxe4 Bxf2 21. Bxf2 Rxf2 22. Rf1 Rf4 23. Rxf4 exf4 {[%mdl 4096] Endgame KQR-KQR} 24. Qb4 Qf7 25. Re1 (25. c4 $17 {was worth a try.}) 25... f3 $19 26. gxf3 Qxf3+ 27. Kg1 Qxd5 28. Qc3 Qf7 29. Rf1 Qg7 {...Qxc3 is the strong threat.} 30. Qb3+ Kh8 31. Qf7 Rg8 ({Don't play} 31... Qxb2 $6 32. Qe6 $11) 32. Rf6 {Strongly threatening Qe6.} Qxf7 33. Rxf7 $17 {KR-KR} Rg7 34. Rf8+ Rg8 35. Rf7 Rg7 36. Rf8+ $1 {[#]} Kh7 $1 37. Ra8 Re7 38. Rxa6 Kg6 39. Kf2 Kf5 40. Ra5 {[#]} (40. h3 $17) 40... Re5 $1 $19 41. Kf3 h5 42. a4 $2 (42. h3 $17 {was called for.}) 42... bxa4 43. Rxa4 g4+ 44. Kf2 Kg5 45. Rd4 $2 (45. c4) 45... Kh4 46. Rd3 Rc5 47. c3 Rb5 48. Rd2 (48. b4 $142 Rb8 49. Kg2) 48... Kh3 49. Kg1 h4 50. b4 Re5 51. Rd3+ g3 {Black mates.} 52. hxg3 hxg3 {[%cal Re5e1]} 53. Rd1 Re2 54. c4 Rc2 55. c5 dxc5 56. bxc5 Rxc5 {Accuracy: White = 48%, Black = 77%.} 0-1

[Event "EYCC Open-U16 2019"]
[Site "Bratislava"]
[Date "2019.08.10"]
[Round "9.29"]
[White "Holly, Andrej"]
[Black "Degraeve, Remy"]
[Result "0-1"]
[WhiteElo "2046"]
[BlackElo "2349"]
[Annotator "RC"]
[PlyCount "140"]
[EventDate "2019.08.02"]
[EventType "swiss"]
[EventCountry "SVK"]
[SourceTitle "playchess.com"]
[Source "ChessBase"]
[SourceQuality "1"]
[TimeControl "40/5400+30:1800+30"]

1. c4 {[%emt 0:00:00]} Nf6 {[%emt 0:00:00]} 2. g3 {[%emt 0:00:00]} e6 {[%emt 0:00:02]} 3. Bg2 {[%emt 0:00:00]} d5 {[%emt 0:00:06]} 4. Nf3 {[%emt 0:00:16]} Be7 {[%emt 0:00:04]} 5. O-O {[%emt 0:00:58]} O-O {[%emt 0:00:04]} 6. d3 {[%emt 0:02:31]} b6 {[%emt 0:01:03]} 7. b3 {[%emt 0:00:41]} Bb7 {[%emt 0:00:25]} 8. Bb2 {[%emt 0:00:17]} c5 {[%emt 0:00:43]} 9. e3 {[%emt 0:02:38]} Nc6 {[%emt 0:04:27]} 10. Qe2 {[%emt 0:01:36]} Qc7 {[%emt 0:01:16]} 11. Nbd2 {[%emt 0:02:12]} Rad8 {[%emt 0:00:37]} 12. Ne1 {[%emt 0:03:48]} Rd7 {[%emt 0:05:04]} 13. f4 {[%emt 0:07:27]} Rfd8 {[%emt 0:01:29]} 14. a3 {[%emt 0:06:52]} a6 {[%emt 0:02:25]} 15. g4 {[%emt 0:05:48]} Ne8 {[%emt 0:05:50]} 16. g5 {[%emt 0:07:39]} f5 {[%emt 0:01:27]} 17. Qh5 {[%emt 0:11:56]} g6 {[%emt 0:01:09]} 18. Qe2 {[%emt 0:00:47]} Bf8 {[%emt 0:01:20]} 19. Ndf3 {[%emt 0:05:59]} Bg7 {[%emt 0:01:02]} 20. Bxg7 {[%emt 0:05:33]} Nxg7 {[%emt 0:00:02]} 21. Nc2 {[%emt 0:01:00]} dxc4 {[%emt 0:00:46]} 22. dxc4 {[%emt 0:00:50]} e5 {[%emt 0:00:14]} 23. Rfd1 {[%emt 0:08:03]} e4 {[%emt 0:01:14]} 24. Nfe1 {[%emt 0:00:27]} Na5 {[%emt 0:02:13]} 25. Rxd7 {[%emt 0:03:37]} Rxd7 {[%emt 0:00:40]} 26. Rb1 {[%emt 0:03:05]} Ne6 {[%emt 0:00:37]} 27. Bf1 {[%emt 0:01:59]} Qd8 {[%emt 0:00:38]} 28. b4 {[%emt 0:04:31]} Rd2 {[%emt 0:04:19]} 29. bxa5 {[%emt 0:00:31]} Rxe2 {[%emt 0:00:02]} 30. Bxe2 {[%emt 0:00:06]} b5 {[%emt 0:00:02]} 31. cxb5 {[%emt 0:02:34]} Qxa5 {[%emt 0:00:06]} 32. bxa6 {[%emt 0:03:58]} Bxa6 {[%emt 0:00:23]} 33. Rb8+ {[%emt 0:01:13]} Kf7 {[%emt 0:00:14]} 34. Ra8 {[%emt 0:00:37]} Nc7 {[%emt 0:00:05]} 35. Ra7 {[%emt 0:00:47]} Ke6 {[%emt 0:00:26]} 36. Bxa6 {[%emt 0:02:03]} Nxa6 {[%emt 0:00:02]} 37. Rxh7 {[%emt 0:00:17]} Nc7 {[%emt 0:00:39]} 38. Rg7 {[%emt 0:01:27]} Nd5 {[%emt 0:00:05]} 39. Rxg6+ {[%emt 0:00:37]} Kf7 {[%emt 0:00:03]} 40. Rd6 {[%emt 0:00:00]} Nxe3 {[%emt 0:00:00]} 41. Kf2 {[%emt 0:05:45]} Nxc2 {[%emt 0:00:27]} 42. Nxc2 {[%emt 0:00:02]} c4 {[%emt 0:00:38]} 43. Ne3 {[%emt 0:01:45]} c3 {[%emt 0:00:26]} 44. g6+ {[%emt 0:07:51]} Kg8 {[%emt 0:00:23]} 45. Rc6 {[%emt 0:03:32]} Qd8 {[%emt 0:02:44]} 46. Nxf5 {[%emt 0:07:01]} Qd7 {[%emt 0:01:13]} 47. Ne7+ {[%emt 0:09:03]} Qxe7 {[%emt 0:00:23]} 48. Rxc3 {[%emt 0:00:19]} Qh4+ {[%emt 0:00:06]} 49. Ke2 {[%emt 0:02:56]} Qxh2+ {[%emt 0:00:09]} 50. Ke3 {[%emt 0:00:50]} Qg2 {[%emt 0:00:30]} 51. f5 {[%emt 0:01:06]} Qf3+ {[%emt 0:00:23]} 52. Kd4 {[%emt 0:00:03]} Qxf5 {[%emt 0:00:05]} 53. Re3 {[%emt 0:00:19]} Qxg6 {[%emt 0:00:08]} 54. Rxe4 {[%emt 0:00:14]} Qd6+ {[%emt 0:00:03]} 55. Ke3 {[%emt 0:00:20]} Kf7 {[%emt 0:00:16]} 56. Rf4+ {[%emt 0:00:08]} Ke6 {[%emt 0:00:05]} 57. a4 {[%emt 0:00:43]} Ke5 {[%emt 0:00:04]} 58. Re4+ {[%emt 0:00:17]} Kf5 {[%emt 0:00:03]} 59. Rd4 {[%emt 0:00:30]} Qa3+ {[%emt 0:00:15]} 60. Rd3 {[%emt 0:00:17]} Qc5+ {[%emt 0:00:05]} 61. Kd2 {[%emt 0:00:13]} Ke4 {[%emt 0:00:37]} 62. a5 {[%emt 0:00:39]} Qb4+ {[%emt 0:00:12]} 63. Kc2 {[%emt 0:00:43]} Qc4+ {[%emt 0:00:03]} 64. Rc3 {[%emt 0:00:04]} Qa2+ {[%emt 0:00:04]} 65. Kd1 {[%emt 0:00:24]} Kd4 {[%emt 0:00:10]} 66. Rc2 {[%emt 0:00:11]} Qb3 {[%emt 0:00:09]} 67. Kc1 {[%emt 0:00:50]} Kd3 {[%emt 0:00:13]} 68. Rd2+ {[%emt 0:00:06]} Kc3 {[%emt 0:00:07]} 69. a6 {[%emt 0:00:29]} Qa4 {[%emt 0:00:03]} 70. Rb2 {[%emt 0:00:30]} Qa3 {[%emt 0:00:02]} 0-1